All Olympic Hockey Silver Medal Winners (Men) - Statistics

General Stats
  • This quiz has been taken 69 times
  • The average score is 18 of 23
Answer Stats
Year Location Winner % Correct
2010 Vancouver, Canada United States of America
98%
2014 Sochi, Russia Sweden
97%
2006 Turin, Italy Finland
92%
2002 Salt Lake City, USA United States of America
92%
1998 Nagano, Japan Russia
87%
1994 Lillehammer, Norway Canada
85%
1992 Albertville, France Canada
82%
1988 Calgary, Canada Finland
80%
1980 Lake Placid, USA Sweden
79%
1972 Sapporo, Japan United States of America
77%
1960 Squaw Valley, USA Canada
75%
1976 Innsbruck, Austria Czechoslovakia
75%
1964 Innsbruck, Austria Sweden
75%
1936 Garmisch-Partenkirchen, Germany Canada
74%
1956 Cortina D'Ampezzo, Italy United States of America
74%
1952 Oslo, Norway United States of America
74%
1932 Lake Placid, USA United States of America
74%
1920 Antwerp, Belgium United States of America
74%
1984 Sarajevo, Bosnia and Herzegovina Czechoslovakia
72%
1928 St. Moritz, Switzerland Sweden
72%
1924 Chamonix, France United States of America
72%
1968 Grenoble, France Czechoslovakia
69%
1948 St. Moritz, Switzerland Czechoslovakia
69%
No matching quizzes found
Score Distribution
Percent of People with Each Score
Percentile by Number Answered
Your Score History
You have not taken this quiz